000 00956nam a2200253 i 4500
001 bg
245 0 0 _aKomentarz do znowelizowanej ustawy o rachunkowości /
_caut. Ewa Dudkowska [et al.] ; kom. red. Bożena Lisiecka-Zając, Ewa Walińska, Jacek Hryniuk ; Fundacja Rozwoju Rachunkowości w Polsce.
260 _aWarszawa :
_bFRRwP,
_c2002.
300 _a724 s. ;
_c25 cm.
650 9 _aRachunkowość
_xprawo
_zPolska
_ystan na 2002 r.
700 1 _aDUDKOWSKA, Ewa
700 1 _aLISIECKA-ZAJĄC, Bożena.
_eRed.
700 1 _aWALIŃSKA, Ewa.
_eRed.
700 1 _aHRYNIUK, Jacek.
_eRed.
710 0 _aFundacja Rozwoju Rachunkowości w Polsce
020 _a8386543442
040 _cBPK
041 0 _apl
080 _a657:346.52(438)
920 _a83-86543-44-2
942 _cKS
008 s pl f |000 0 pol
999 _c40461
_d40461
856 _uhttp://koha.tu.koszalin.pl/cgi-bin/koha/opac-detail.pl?biblionumber=40461
_yKatalog online BPK